Dirección de operaciones (Registro nro. 1572)
[ vista simple ]
| 000 -LEADER | |
|---|---|
| fixed length control field | 01581 a2200253 4500 |
| 001 - CONTROL NUMBER | |
| control field | 27284 |
| 005 - DATE AND TIME OF LATEST TRANSACTION | |
| control field | 20260407155549.0 |
| 008 - FIXED-LENGTH DATA ELEMENTS--GENERAL INFORMATION | |
| fixed length control field | 260407a1995 arg spa d |
| 003 - CONTROL NUMBER IDENTIFIER | |
| control field | AR-UNSa-BCEJYS |
| 040 ## - CATALOGING SOURCE | |
| Original cataloging agency | AR-UNSa-BCEJYS |
| Language of cataloging | spa |
| Transcribing agency | AR-UNSa-BCEJYS |
| 080 ## - UNIVERSAL DECIMAL CLASSIFICATION NUMBER | |
| Universal Decimal Classification number | 658.5 |
| Common auxiliary subdivision | Planificación y control de la producción<br/> |
| 020 ## - INTERNATIONAL STANDARD BOOK NUMBER | |
| International Standard Book Number | 84-481-1848-0 |
| 100 1# - MAIN ENTRY--PERSONAL NAME | |
| Personal name | Dominguez Machuca, José Antonio |
| 245 10 - TITLE STATEMENT | |
| Title | Dirección de operaciones |
| Name of part/section of a work | aspectos estratégicos en la producción y los servicios |
| 264 #1 - PRODUCTION, PUBLICATION, DISTRIBUTION, MANUFACTURE, AND COPYRIGHT NOTICE | |
| Place of production, publication, distribution, manufacture | Madrid : |
| Name of producer, publisher, distributor, manufacturer | McGraw-Hill |
| Date of production, publication, distribution, manufacture, or copyright notice | 1995 |
| 300 ## - PHYSICAL DESCRIPTION | |
| Extent | xxvi, 482 p. |
| Dimensions | 25 cm. |
| 505 ## - FORMATTED CONTENTS NOTE | |
| Formatted contents note | Parte I: Introducción: 1. El sistema empresa y el subsistema de operaciones - 2. La problemática de la Dirección de operaciones - 3. La estrategía de operaciones - 4. Parte II: El diseño del subsistema de operaciones - 5. La selección y diseño del proceso - 6. Diseño, medición y compensación del trabajo - 7. La decisión de capacidad a largo plazo - 8. Las decisiones de localización - 9. La distribución en planta - Parte II: Métodos operativos - Parte III: Nuevos desarrollos en el subsistema de operaciones : 10. La automatización integrada de la fabricación y de los servicios - 11. Las nuevas tecnologías de fabricación y el diseño del subsistema productivo - 12. La gestión de la tecnología - 13. La globalización de las operaciones. |
| 590 ## - LOCAL NOTE (RLIN) | |
| Local note | niveau_biblio:m niveau_hierar:0 |
| 700 1# - ADDED ENTRY--PERSONAL NAME | |
| Personal name | Alvarez Gil, María José |
| 700 1# - ADDED ENTRY--PERSONAL NAME | |
| Personal name | Domínguez Machuca, Miguel Angel |
| 700 1# - ADDED ENTRY--PERSONAL NAME | |
| Personal name | Garcia González, Santiago |
| 700 1# - ADDED ENTRY--PERSONAL NAME | |
| Personal name | Ruíz Jiménez, Antonio |
| 942 ## - ADDED ENTRY ELEMENTS (KOHA) | |
| Koha item type | |
| Withdrawn status | Lost status | Damaged status | Not for loan | Home library | Current library | Shelving location | Date acquired | Total checkouts | Full call number | Barcode | Date last seen | Price effective from | Koha item type |
|---|---|---|---|---|---|---|---|---|---|---|---|---|---|
| Biblioteca Prof. Eusebio Cleto del Rey | Biblioteca Prof. Eusebio Cleto del Rey | 07/04/2026 | 658.5 D598i | L65228 | 07/04/2026 | 07/04/2026 | Libro | ||||||
| Biblioteca Prof. Eusebio Cleto del Rey | Biblioteca Prof. Eusebio Cleto del Rey | 07/04/2026 | 658.5 D598i | L65226 | 07/04/2026 | 07/04/2026 | Libro | ||||||
| Biblioteca Prof. Eusebio Cleto del Rey | Biblioteca Prof. Eusebio Cleto del Rey | 07/04/2026 | 658.5 D598i | L65225 | 07/04/2026 | 07/04/2026 | Libro | ||||||
| Biblioteca Prof. Eusebio Cleto del Rey | Biblioteca Prof. Eusebio Cleto del Rey | 07/04/2026 | 658.5 D598i | L65224 | 07/04/2026 | 07/04/2026 | Libro |